Suomen kunnat, joiden nimessä on P - Statistics

Yleistilastot
  • Tätä visaa on pelattu 208 kertaa
  • Keskiarvotulos 53 / 70
Vastaustilastot
Vihje Maakunta Kunta % Oikein
1 x P Satakunta Pori
91%
1 x P Uusimaa Porvoo
91%
1 x P Uusimaa Pornainen
88%
1 x P Pohjois-Savo Pielavesi
87%
2 x P Etelä-Pohjanmaa Lappajärvi
85%
2 x P Etelä-Karjala Lappeenranta
85%
1 x P Pirkanmaa Pirkkala
85%
1 x P Pohjois-Pohjanmaa Pyhäjärvi
85%
1 x P Uusimaa Espoo
84%
1 x P Pohjois-Savo Kuopio
84%
1 x P Etelä-Pohjanmaa Lapua
84%
1 x P Pirkanmaa Parkano
84%
1 x P Pohjois-Pohjanmaa Pyhäjoki
84%
1 x P Lappi Pelkosenniemi
83%
1 x P Pohjois-Pohjanmaa Pudasjärvi
83%
1 x P Kainuu Puolanka
83%
1 x P Lappi Pello
82%
2 x P Keski-Suomi Pihtipudas
82%
1 x P Kymenlaakso Pyhtää
82%
1 x P Lappi Posio
80%
1 x P Pohjois-Pohjanmaa Haapavesi
79%
2 x P Kanta-Häme Loppi
79%
1 x P Kainuu Paltamo
79%
1 x P Pohjois-Pohjanmaa Pyhäntä
79%
1 x P Varsinais-Suomi Paimio
78%
1 x P Pirkanmaa Tampere
78%
1 x P Pohjois-Pohjanmaa Haapajärvi
77%
1 x P Pohjois-Savo Lapinlahti
77%
1 x P Päijät-Häme Padasjoki
77%
1 x P Etelä-Karjala Parikkala
77%
1 x P Etelä-Savo Pieksämäki
77%
1 x P Pohjanmaa Pietarsaari
77%
2 x P Kanta-Häme Humppila
76%
2 x P Pohjois-Savo Leppävirta
76%
1 x P Varsinais-Suomi Parainen
76%
1 x P Pohjois-Karjala Polvijärvi
76%
1 x P Satakunta Pomarkku
76%
1 x P Uusimaa Sipoo
76%
1 x P Uusimaa Lapinjärvi
74%
1 x P Pohjois-Karjala Liperi
74%
1 x P Uusimaa Pukkila
74%
1 x P Pohjanmaa Uusikaarlepyy
74%
1 x P Pohjois-Karjala Outokumpu
73%
1 x P Pirkanmaa Punkalaidun
73%
1 x P Pirkanmaa Lempäälä
72%
1 x P Pohjanmaa Pedersören kunta
72%
1 x P Etelä-Savo Puumala
72%
1 x P Uusimaa Raasepori
72%
1 x P Pohjois-Pohjanmaa Kempele
71%
1 x P Pohjanmaa Kristiinankaupunki
71%
1 x P Pirkanmaa Pälkäne
71%
1 x P Varsinais-Suomi Uusikaupunki
71%
1 x P Varsinais-Suomi Pöytyä
70%
1 x P Varsinais-Suomi Pyhäranta
70%
1 x P Ahvenanmaa Lumparland
68%
1 x P Varsinais-Suomi Oripää
68%
1 x P Keski-Suomi Petäjävesi
68%
1 x P Uusimaa Järvenpää
67%
1 x P Satakunta Kankaanpää
67%
1 x P Pohjanmaa Närpiö
67%
1 x P Keski-Pohjanmaa Perho
67%
1 x P Pirkanmaa Juupajoki
66%
2 x P Pirkanmaa Mänttä-Vilppula
65%
1 x P Pohjois-Savo Rautalampi
63%
1 x P Etelä-Karjala Taipalsaari
63%
1 x P Pohjanmaa Kruunupyy
62%
1 x P Keski-Pohjanmaa Toholampi
62%
1 x P Kanta-Häme Ypäjä
60%
1 x P Etelä-Karjala Savitaipale
59%
1 x P Etelä-Pohjanmaa Vimpeli
57%
Ehtoja vastaavia visoja ei löytynyt
Tulosjakauma
Jokaisen tuloksen saaneiden osuus
Persentiili vastausten määrän mukaan
Tuloshistoriasi
Et ole pelannut tätä visaa